000 00584nam a2200193Ia 4500
005 20250508164621.0
008 008 250505s9999 xx 000 0 eng d
037 _aTextBook
040 _aFEDL
_beng
_cFEDL
041 _aeng
_2eng
084 _a372.954, JHA/R
_qFEDL
100 _aJha Praveen and Others
_9778627
245 0 _aPublic provisioning for elementary education in India
260 _aNew Delhi, India
_bSage
_c2008
300 _a454p.
650 _aElelmentary education - Finance
_9778628
942 _cTB
_h372.954, JHA/R
999 _c1390159
_d1390159